[Event "France - Open A"]
[Site "Chartres"]
[Date "2019.08.18"]
[Round "2.16"]
[White "Weibel, Theo"]
[Black "Trabet, Mathis"]
[Result "1-0"]
[WhiteElo "2081"]
[BlackElo "1989"]
[PlyCount "103"]
[EventDate "2019.08.??"]
[EventType "swiss"]
[EventRounds "9"]
[EventCountry "FRA"]
[WhiteTeam "Echiquier Club Le Mans"]
[BlackTeam "Echecs Club de Corbas"]

1. e4 c5 2. Nf3 d6 3. d4 cxd4 4. Nxd4 Nf6 5. Nc3 g6 6. f3 a6 7. Be3 b5 8. Qd2
Bb7 9. a4 b4 10. Na2 e5 11. Nb3 d5 12. exd5 Nxd5 13. Bc5 Nd7 14. Bxf8 Kxf8 15.
O-O-O a5 16. Bb5 Rc8 17. Kb1 Nc5 18. Nac1 Nxb3 19. Nxb3 Kg7 20. Rhe1 Qc7 21.
Qf2 Rhd8 22. h4 Nf6 23. Rxd8 Rxd8 24. Qc5 Qxc5 25. Nxc5 Bc8 26. Rxe5 Rd1+ 27.
Ka2 Rg1 28. g4 Rh1 29. Nb3 Be6 30. Bd3 Nd5 31. Bc4 Rd1 32. Nxa5 Kf6 33. Re4 Rd2
34. Bb3 Rf2 35. Nc6 Nc3+ 36. bxc3 Rxc2+ 37. Kb1 Bxb3 38. g5+ Kg7 39. Rxb4 Rxc3
40. Kb2 Bxa4 41. Nd4 Rc7 42. Rxa4 h6 43. f4 hxg5 44. hxg5 Rb7+ 45. Kc2 Rb6 46.
Ra7 Kg8 47. Rc7 f6 48. Rc6 Rxc6+ 49. Nxc6 fxg5 50. fxg5 Kf7 51. Kd3 Ke6 52. Ke4
1-0

[Event "France - Open A"]
[Site "Chartres"]
[Date "2019.08.18"]
[Round "2.17"]
[White "Valentin, Rene"]
[Black "Perradin, Vincent"]
[Result "1/2-1/2"]
[WhiteElo "2076"]
[BlackElo "1982"]
[PlyCount "86"]
[EventDate "2019.08.??"]
[EventType "swiss"]
[EventRounds "9"]
[EventCountry "FRA"]
[WhiteTeam "C'Chartres Echecs"]
[BlackTeam "Echecs Club de Villeurbanne"]

1. Nf3 Nf6 2. c4 c5 3. Nc3 Nc6 4. g3 g6 5. Bg2 Bg7 6. O-O O-O 7. d3 d6 8. Bg5
h6 9. Bd2 Be6 10. Re1 d5 11. cxd5 Nxd5 12. Qc2 Nxc3 13. Bxc3 Qd6 14. Bxg7 Kxg7
15. Nd2 Bd5 16. Qc3+ f6 17. Ne4 Bxe4 18. Bxe4 Rac8 19. Rac1 b6 20. Bxc6 Rxc6
21. Rc2 Rcc8 22. Rec1 Rcd8 23. Qc4 Rd7 24. Qb5 Rfd8 25. a4 h5 26. h4 g5 27.
hxg5 fxg5 28. b4 Qe5 29. bxc5 Rd5 30. Qb2 Rxc5 31. Qxe5+ Rxe5 32. Kf1 Rd4 33.
Rc4 Rxc4 34. Rxc4 Kf6 35. e3 e6 36. Ke2 Ra5 37. f4 gxf4 38. gxf4 Rd5 39. Rc7
Ra5 40. Rh7 Kg6 41. Re7 Kf6 42. Rh7 Kg6 43. Re7 Kf6 1/2-1/2

[Event "France - Open A"]
[Site "Chartres"]
[Date "2019.08.18"]
[Round "2.18"]
[White "Tarin, Nicolas"]
[Black "Berger Dit Lacroix, Kilian"]
[Result "1/2-1/2"]
[WhiteElo "2073"]
[BlackElo "1967"]
[PlyCount "102"]
[EventDate "2019.08.??"]
[EventType "swiss"]
[EventRounds "9"]
[EventCountry "FRA"]
[WhiteTeam "Le Cavalier Noir d'Arras"]
[BlackTeam "Echecs Club de Corbas"]

1. e4 c5 2. Nf3 g6 3. d4 cxd4 4. Nxd4 Bg7 5. Nc3 Nc6 6. Be3 Nf6 7. f3 O-O 8.
Qd2 d5 9. exd5 Nxd5 10. Nxc6 bxc6 11. Nxd5 cxd5 12. Bd4 e5 13. Bc5 Re8 14. Bb5
Bd7 15. Bxd7 Qxd7 16. O-O Qb5 17. Qb4 Qc6 18. c3 Rec8 19. Be3 Rab8 20. Qa3 Bf8
21. Qxa7 Rxb2 22. Rab1 Qxc3 23. Rbc1 Rc2 24. Rxc2 Qxc2 25. h3 Qb2 26. Rf2 Qb1+
27. Kh2 d4 28. Bg5 Qf5 29. h4 h6 30. Bd2 Rc2 31. Qa5 Bc5 32. g4 Qf6 33. Kg3 d3
34. Rg2 Bf8 35. g5 hxg5 36. hxg5 Qe6 37. Qd8 Qxa2 38. Qxd3 Be7 39. Qd7 Bxg5 40.
Qe8+ Kg7 41. Qxe5+ Bf6 42. Qd6 Qb2 43. Bh6+ Kxh6 44. Rxc2 Be5+ 45. Kh3 Qxc2 46.
Qxe5 Qf5+ 47. Qxf5 gxf5 48. Kh4 Kg6 49. f4 Kh6 50. Kg3 Kh5 51. Kh3 Kh6 1/2-1/2

[Event "France - Open A"]
[Site "Chartres"]
[Date "2019.08.18"]
[Round "2.19"]
[White "Marchais, Antoine"]
[Black "Denninger, Guilhem"]
[Result "1-0"]
[WhiteElo "1975"]
[BlackElo "2072"]
[PlyCount "113"]
[EventDate "2019.08.??"]
[EventType "swiss"]
[EventRounds "9"]
[EventCountry "FRA"]
[WhiteTeam "Rennes Paul Bert"]
[BlackTeam "Echecs Club Montpellier"]

1. e4 c6 2. Nc3 d5 3. Nf3 Bg4 4. h3 Bxf3 5. Qxf3 e6 6. b3 Nf6 7. Bd3 Nbd7 8.
exd5 cxd5 9. Bb2 Bd6 10. O-O-O Qa5 11. g4 Ne5 12. Bb5+ Nc6 13. Rhe1 O-O 14.
Bxc6 bxc6 15. a4 c5 16. Nb5 Be7 17. Qc3 Qb6 18. g5 d4 19. Qf3 Nd5 20. h4 f6 21.
Qg4 e5 22. gxf6 Qxf6 23. Qe4 Rad8 24. Nxa7 Qxf2 25. Nc6 Rd7 26. Qxe5 Bxh4 27.
Ba3 Qf6 28. Qe6+ Qxe6 29. Rxe6 Rf6 30. Rxf6 Bxf6 31. Re1 Rc7 32. Re6 Kf7 33.
Rd6 Ne7 34. Nd8+ Ke8 35. Ne6 Rc6 36. Bxc5 Rxd6 37. Bxd6 Kd7 38. Bxe7 Kxe7 39.
Nf4 Be5 40. Nd3 Bc7 41. Kd1 h5 42. Ke2 h4 43. Nf2 Ba5 44. Kf3 Bxd2 45. Kg4 g5
46. Ne4 Be3 47. b4 Kd7 48. b5 Kc7 49. a5 Kb8 50. b6 Kb7 51. Nc5+ Ka8 52. Ne6
Kb8 53. Nd8 Bd2 54. a6 Bf4 55. Nc6+ Kc8 56. b7+ Kd7 57. a7 1-0

[Event "France - Open A"]
[Site "Chartres"]
[Date "2019.08.18"]
[Round "2.20"]
[White "Kieffer, Anatole"]
[Black "Labandibar, Benoit"]
[Result "1-0"]
[WhiteElo "1973"]
[BlackElo "2059"]
[PlyCount "67"]
[EventDate "2019.08.??"]
[EventType "swiss"]
[EventRounds "9"]
[EventCountry "FRA"]
[WhiteTeam "Evry Grand Roque"]
[BlackTeam "MJC Chécy"]

1. e4 c6 2. d4 d5 3. Nc3 dxe4 4. Nxe4 Bf5 5. Ng3 Bg6 6. Nh3 e6 7. Nf4 Be7 8.
Bc4 Bf6 9. c3 Nh6 10. Nfh5 Nf5 11. Nxf6+ Qxf6 12. Nh5 Qh4 13. Nf4 Nd6 14. g3
Qe7 15. Nxg6 hxg6 16. Be2 Nd7 17. Bf3 e5 18. O-O O-O-O 19. dxe5 Nxe5 20. Bg2
Qf6 21. f4 Nec4 22. Qa4 Kb8 23. b3 Qxc3 24. bxc4 Nf5 25. Rb1 Qd4+ 26. Rf2 Qd1+
27. Qxd1 Rxd1+ 28. Rf1 Rxf1+ 29. Bxf1 Rd8 30. Bg2 Rd1+ 31. Kf2 Nd4 32. f5 Ka8
33. fxg6 fxg6 34. Be4 1-0

[Event "France - Open A"]
[Site "Chartres"]
[Date "2019.08.18"]
[Round "2.21"]
[White "Robert, Yoann"]
[Black "Vedovotto, Nicolas"]
[Result "1/2-1/2"]
[WhiteElo "1966"]
[BlackElo "2199"]
[PlyCount "98"]
[EventDate "2019.08.??"]
[EventType "swiss"]
[EventRounds "9"]
[EventCountry "FRA"]
[WhiteTeam "Club d'Echecs de Sautron"]
[BlackTeam "L'Echiquier Châlonnais"]

1. b3 Nc6 2. Bb2 e5 3. e3 a6 4. c4 d5 5. cxd5 Qxd5 6. Nc3 Qd6 7. a3 Bf5 8. d3
O-O-O 9. Ne4 Qd7 10. Nf3 f6 11. Qc2 g5 12. b4 h5 13. Rc1 Kb8 14. Nxf6 Qe7 15.
Ne4 g4 16. Nfd2 Rh6 17. Nc5 Qh7 18. Nde4 Bxc5 19. Nxc5 h4 20. Be2 g3 21. hxg3
hxg3 22. Rxh6 gxf2+ 23. Kxf2 Qxh6 24. Bf3 Nge7 25. Bxe5 Nxe5 26. Nxa6+ Qxa6 27.
Qxc7+ Ka7 28. Bxb7 Nxd3+ 29. Kg1 Qb6 30. Be4+ Qxc7 31. Rxc7+ Kb6 32. Rb7+ Ka6
33. Rxe7 Bxe4 34. Rxe4 Ne1 35. Kf2 Nc2 36. a4 Rd2+ 37. Kg1 Ne1 38. Rg4 Re2 39.
e4 Nd3 40. Rg6+ Kb7 41. Rg7+ Kb8 42. b5 Ra2 43. Rd7 Nf4 44. g3 Rg2+ 45. Kf1
Rxg3 46. Kf2 Ra3 47. Rd4 Nd3+ 48. Kg3 Nc5+ 49. Kg4 Nxa4 1/2-1/2

[Event "France - Open A"]
[Site "Chartres"]
[Date "2019.08.18"]
[Round "2.22"]
[White "Steibel, Julien"]
[Black "Bernard, Jacques"]
[Result "1/2-1/2"]
[WhiteElo "1993"]
[BlackElo "2140"]
[PlyCount "126"]
[EventDate "2019.08.??"]
[EventType "swiss"]
[EventRounds "9"]
[EventCountry "FRA"]
[WhiteTeam "Bischwiller"]
[BlackTeam "Evry Grand Roque"]

1. e4 c5 2. Nf3 Nc6 3. Nc3 g6 4. d4 cxd4 5. Nxd4 Bg7 6. Be3 Nf6 7. Be2 O-O 8.
Nb3 a5 9. a4 Nb4 10. f4 d5 11. e5 Ne4 12. Nxe4 dxe4 13. Qxd8 Rxd8 14. Rc1 Nd5
15. Kf2 Bd7 16. Nc5 Bc6 17. Bb5 g5 18. g3 Bh6 19. Bxc6 bxc6 20. Rcg1 Kf8 21.
Rf1 gxf4 22. gxf4 Rab8 23. b3 Nxf4 24. Bxf4 Bxf4 25. Ke1 Bd2+ 26. Ke2 Bc3 27.
Ne6+ Ke8 28. Nxd8 Rxd8 29. Rd1 Bxe5 30. Rxd8+ Kxd8 31. Ke3 f5 32. Rg1 Bxh2 33.
Rh1 Bc7 34. Rxh7 e5 35. Rh5 Bb6+ 36. Ke2 f4 37. Rxe5 f3+ 38. Kf1 e3 39. Rf5 f2
40. c4 Bd4 41. Rxa5 Kd7 42. Rh5 c5 43. Rd5+ Kc6 44. Ke2 Bc3 45. Rd3 Bd2 46. Rd8
Kb6 47. Rb8+ Ka6 48. Rf8 Ka5 49. Rf5 Kb4 50. a5 Kxa5 51. Rxc5+ Kb4 52. Rb5+ Kc3
53. Rb8 Kd4 54. Rd8+ Kc5 55. Rd5+ Kb4 56. c5 Kb5 57. Rf5 Kc6 58. Re5 Kb5 59.
Rf5 Kc6 60. b4 Bxb4 61. Kxe3 Bxc5+ 62. Ke4 Kd6 63. Rxf2 Bxf2 1/2-1/2

[Event "France - Open A"]
[Site "Chartres"]
[Date "2019.08.18"]
[Round "2.23"]
[White "Nguyen-Cadoret, Nathan"]
[Black "Adrian, Leopold"]
[Result "1-0"]
[WhiteElo "2122"]
[BlackElo "1990"]
[PlyCount "39"]
[EventDate "2019.08.??"]
[EventType "swiss"]
[EventRounds "9"]
[EventCountry "FRA"]
[WhiteTeam "Cercle d'Echecs de Villepinte"]
[BlackTeam "Vandoeuvre-Echecs"]

1. d4 d5 2. c4 e6 3. Nf3 c5 4. cxd5 exd5 5. g3 Nc6 6. Bg2 Nf6 7. O-O Be7 8. Nc3
O-O 9. dxc5 Bxc5 10. Bg5 d4 11. Bxf6 Qxf6 12. Ne4 Qe7 13. Nxc5 Qxc5 14. Rc1 Qb6
15. Qd2 Re8 16. Rfd1 Bg4 17. Nxd4 Nxd4 18. Qxd4 Bxe2 19. Qxb6 axb6 20. Rd7 {
gain blanc au 42ème coup} 1-0

[Event "France - Open A"]
[Site "Chartres"]
[Date "2019.08.18"]
[Round "2.24"]
[White "Bellaiche, Elise"]
[Black "Maleki, Nicolas"]
[Result "1-0"]
[WhiteElo "1996"]
[BlackElo "2118"]
[PlyCount "113"]
[EventDate "2019.08.??"]
[EventType "swiss"]
[EventRounds "9"]
[EventCountry "FRA"]
[WhiteTeam "Cercle d'Echecs de Villepinte"]
[BlackTeam "Echiquier Tourangeau"]

1. e4 c6 2. d4 d5 3. Nc3 dxe4 4. Nxe4 Bf5 5. Ng3 Bg6 6. f4 e6 7. Nf3 Nd7 8. Bd3
Ngf6 9. O-O Be7 10. f5 exf5 11. Nxf5 Bxf5 12. Bxf5 O-O 13. c3 Qc7 14. Bg5 Bd6
15. Qe1 h6 16. Bd2 Qa5 17. Bd3 Qh5 18. Qh4 c5 19. Qxh5 Nxh5 20. Nh4 cxd4 21.
cxd4 Rfd8 22. Bc4 Nhf6 23. Nf5 Bf8 24. Bb3 Nc5 25. dxc5 Rxd2 26. Nxh6+ Kh7 27.
Nxf7 Bxc5+ 28. Kh1 Ne4 29. Rf3 Re8 30. h4 Nf2+ 31. Kh2 Ree2 32. Rg3 Ne4 33.
Ng5+ Nxg5 34. Rxg5 Bd6+ 35. Kg1 Rxb2 36. Rf1 Bc5+ 37. Kh1 Rf2 38. Rxf2 Bxf2 39.
Kh2 Kh6 40. Rg4 a6 41. Bf7 Rd2 42. Rg5 g6 43. Rxg6+ Kh7 44. Rg4 Rd4 45. Rxd4
Bxd4 46. Kh3 b5 47. g4 a5 48. g5 b4 49. Be8 Be3 50. Kg4 Bf2 51. h5 Be3 52. h6
Bd4 53. Kh5 Be5 54. g6+ Kg8 55. Ba4 Kh8 56. g7+ Kg8 57. Bb3+ 1-0

[Event "France - Open A"]
[Site "Chartres"]
[Date "2019.08.18"]
[Round "2.25"]
[White "Gollain, Marc"]
[Black "Humeau, Mickael"]
[Result "1/2-1/2"]
[WhiteElo "2115"]
[BlackElo "1993"]
[PlyCount "90"]
[EventDate "2019.08.??"]
[EventType "swiss"]
[EventRounds "9"]
[EventCountry "FRA"]
[WhiteTeam "Malakoff et Mat"]
[BlackTeam "L'Echiquier Angevin"]

1. e4 b6 2. d4 Bb7 3. Nc3 g6 4. Be3 Bg7 5. Qd2 h6 6. O-O-O e6 7. Nge2 d6 8. Ng3
Ne7 9. f4 a6 10. Be2 f5 11. d5 exd5 12. exd5 Nd7 13. Bf3 Nf6 14. Nge2 O-O 15.
Rhe1 Rb8 16. Nd4 Bc8 17. Bf2 Bd7 18. Bh4 b5 19. Qe3 Rf7 20. Ne6 Bxe6 21. Qxe6
Qf8 22. Qe3 Re8 23. Qd3 Nd7 24. Bf2 Kh7 25. Bd4 Nf6 26. a3 Neg8 27. Re6 c5 28.
Bf2 Rfe7 29. Rde1 Qf7 30. Qe2 Nd7 31. g3 Nf8 32. Rxe7 Rxe7 33. Qd2 Qe8 34. Kd1
Nd7 35. Kc1 Nb6 36. Rxe7 Qxe7 37. Qe1 Qxe1+ 38. Bxe1 Ne7 39. b4 cxb4 40. axb4
h5 41. Kd2 Kg8 42. Bf2 Nc4+ 43. Kd3 Nb2+ 44. Kd2 Nc4+ 45. Kd3 Nb2+ 1/2-1/2

[Event "France - Open A"]
[Site "Chartres"]
[Date "2019.08.18"]
[Round "2.26"]
[White "Henno, Francois"]
[Black "Delboe, Charles"]
[Result "1-0"]
[WhiteElo "2077"]
[BlackElo "1965"]
[PlyCount "82"]
[EventDate "2019.08.??"]
[EventType "swiss"]
[EventRounds "9"]
[EventCountry "FRA"]
[WhiteTeam "Cercle d'Echecs de Nantes"]
[BlackTeam "C.E. Neuville-en-Ferrain"]

1. e4 c5 2. c3 d5 3. exd5 Qxd5 4. d4 Nc6 5. Nf3 Bg4 6. dxc5 Qxd1+ 7. Kxd1
O-O-O+ 8. Nbd2 Nf6 9. h3 Bh5 10. g4 Bg6 11. Ke1 e6 12. Nb3 Nd7 13. Be3 Nde5 14.
Nfd4 Be4 15. f3 Nxf3+ 16. Nxf3 Bxf3 17. Rg1 Be7 18. Be2 Ne5 19. Bd4 Bxe2 20.
Kxe2 Nc4 21. Bxg7 Rhg8 22. Bd4 e5 23. Be3 Nxb2 24. Nd2 Nd3 25. Ne4 Rd5 26. Rgf1
Nf4+ 27. Bxf4 exf4 28. Rxf4 Re8 29. Kf1 Bxc5 30. Nf6 Ree5 31. Nxd5 Rxd5 32. Rf5
Rxf5+ 33. gxf5 Kd7 34. Rd1+ Ke7 35. Ke2 Bd6 36. Kf3 Be5 37. c4 f6 38. Ke4 Bh2
39. Kd5 Bf4 40. c5 Be5 41. Rb1 h6 1-0

[Event "France - Open A"]
[Site "Chartres"]
[Date "2019.08.18"]
[Round "2.27"]
[White "Bergougnoux, Axel"]
[Black "Afraoui, Solenn"]
[Result "1-0"]
[WhiteElo "2064"]
[BlackElo "1974"]
[PlyCount "100"]
[EventDate "2019.08.??"]
[EventType "swiss"]
[EventRounds "9"]
[EventCountry "FRA"]
[WhiteTeam "Cannes Echecs"]
[BlackTeam "U.S.Villejuif Echecs"]

1. e4 c5 2. Nf3 d6 3. d4 cxd4 4. Nxd4 Nf6 5. Nc3 a6 6. h4 e5 7. Nb3 Be6 8. f4
exf4 9. Bxf4 Nc6 10. Qd2 Nh5 11. g3 Ne5 12. O-O-O Nf6 13. Nd4 Qa5 14. Nxe6 fxe6
15. Qd4 Nc6 16. Qc4 e5 17. Bg5 O-O-O 18. Nd5 h6 19. Be3 Nd7 20. Bh3 Kb8 21.
Bxd7 Rxd7 22. Bb6 Qb5 23. Qxb5 axb5 24. Rhf1 Ne7 25. Nc3 b4 26. Nd5 Nxd5 27.
Rxd5 Be7 28. Kd2 Rc8 29. Ba5 Rc5 30. Kd3 Rxd5+ 31. exd5 Bf6 32. Bxb4 Kc7 33.
Ke4 Rd8 34. a4 Kd7 35. Rf3 Rc8 36. Rc3 Ra8 37. b3 Rf8 38. Rf3 Be7 39. Rxf8 Bxf8
40. Kf5 Be7 41. Bd2 Bf6 42. Be3 Ke7 43. Kg6 Kd7 44. b4 Kc7 45. a5 Kb8 46. b5
Ka8 47. Kf7 e4 48. Ke6 Be5 49. g4 g5 50. hxg5 hxg5 1-0

[Event "France - Open A"]
[Site "Chartres"]
[Date "2019.08.18"]
[Round "2.28"]
[White "Eche, Sylvain"]
[Black "Radoman, Emmanuel"]
[Result "1-0"]
[WhiteElo "2058"]
[BlackElo "1956"]
[PlyCount "103"]
[EventDate "2019.08.??"]
[EventType "swiss"]
[EventRounds "9"]
[EventCountry "FRA"]
[WhiteTeam "C'Chartres Echecs"]
[BlackTeam "Nice Alekhine"]

1. e4 d6 2. d4 Nf6 3. Nc3 g6 4. Nf3 Bg7 5. Be3 c6 6. Qd2 b5 7. Bh6 O-O 8. Bd3
Nbd7 9. h4 Bxh6 10. Qxh6 e5 11. h5 Ng4 12. Qd2 exd4 13. Nxd4 b4 14. Nce2 c5 15.
hxg6 cxd4 16. gxf7+ Rxf7 17. Bc4 Nde5 18. Bxf7+ Nxf7 19. Nxd4 a5 20. O-O-O Bd7
21. f3 Nge5 22. Rh5 Qf6 23. Rdh1 Nc4 24. Qf2 Qf4+ 25. Kb1 a4 26. R5h4 Qe5 27.
Rxh7 b3 28. cxb3 axb3 29. Nxb3 Be6 30. R7h5 Qg7 31. Qd4 Nce5 32. f4 Nc6 33.
Qxg7+ Kxg7 34. Rh7+ Kg8 35. f5 Bc4 36. R7h3 Nb4 37. Rg3+ Kf8 38. a3 Bd3+ 39.
Kc1 Rc8+ 40. Kd1 Bc2+ 41. Kd2 Bxb3 42. Rxb3 Na6 43. Rc3 Nc5 44. Re1 Re8 45.
Rce3 Ne5 46. Rh3 Kg7 47. b4 Ncd7 48. Rc3 Nf6 49. Rc7+ Kh6 50. b5 Ra8 51. Rc3
Ned7 52. Rg3 1-0

[Event "France - Open A"]
[Site "Chartres"]
[Date "2019.08.18"]
[Round "2.29"]
[White "Leccia, Antoine"]
[Black "Poulet, Benoit"]
[Result "0-1"]
[WhiteElo "1969"]
[BlackElo "2048"]
[PlyCount "100"]
[EventDate "2019.08.??"]
[EventType "swiss"]
[EventRounds "9"]
[EventCountry "FRA"]
[WhiteTeam "Corsica Chess Club"]
[BlackTeam "Echiquier des Lions - Lyon Oullins"]

1. d4 Nf6 2. Nf3 g6 3. g3 Bg7 4. Bg2 O-O 5. O-O d5 6. Nbd2 Nc6 7. b3 a5 8. Bb2
Bf5 9. c4 dxc4 10. bxc4 Ne4 11. Nxe4 Bxe4 12. e3 Qd6 13. Ne1 Bxg2 14. Kxg2 Rfd8
15. Nc2 Qe6 16. Na3 Nb4 17. Qf3 c6 18. Rfd1 Qf6 19. Qe2 c5 20. Rd2 cxd4 21.
Bxd4 Qc6+ 22. Kg1 e5 23. Bc3 e4 24. Rad1 Nd3 25. Bxg7 Kxg7 26. Rc2 Qd7 27. Rdd2
Qg4 28. Nb5 Ne5 29. Rxd8 Rxd8 30. Nd4 Nf3+ 31. Qxf3 Qxf3 32. Nxf3 exf3 33. h3
h5 34. c5 Rd1+ 35. Kh2 Rf1 36. h4 Kf6 37. g4 hxg4 38. Kg3 Kf5 39. e4+ Kxe4 40.
Kxg4 Rg1+ 41. Kh3 f6 42. Rb2 Kf4 43. Kh2 Rg2+ 44. Kh1 Kg4 45. Rxb7 Rxf2 46. Kg1
Rxa2 47. c6 Kg3 48. Rb1 Rc2 49. Kh1 Rh2+ 50. Kg1 f2+ 0-1

[Event "France - Open A"]
[Site "Chartres"]
[Date "2019.08.18"]
[Round "2.30"]
[White "Frantz, Nicolas"]
[Black "Rasolo, Loick"]
[Result "1-0"]
[WhiteElo "2045"]
[BlackElo "1965"]
[PlyCount "89"]
[EventDate "2019.08.??"]
[EventType "swiss"]
[EventRounds "9"]
[EventCountry "FRA"]
[WhiteTeam "Vandoeuvre-Echecs"]
[BlackTeam "Marseille Passion Echecs"]

1. e4 e6 2. d4 d5 3. Nd2 dxe4 4. Nxe4 Bd7 5. Nf3 Bc6 6. Ng3 Nd7 7. Bd3 Ngf6 8.
c3 Be7 9. Qe2 a6 10. a4 h6 11. O-O O-O 12. Ne5 Nxe5 13. dxe5 Qd5 14. f4 Ng4 15.
Bc4 Qc5+ 16. Kh1 b5 17. Ba2 Nxh2 18. Kxh2 bxa4 19. Be3 Qb5 20. Qxb5 axb5 21. f5
Bd5 22. Bxd5 exd5 23. Rad1 c6 24. f6 gxf6 25. exf6 Bd6 26. Bxh6 Rfe8 27. Rd4
Re4 28. Rxe4 dxe4 29. Bf4 Bxf4 30. Rxf4 a3 31. bxa3 Rxa3 32. Rg4+ Kf8 33. Nxe4
Ke8 34. Nc5 Kd8 35. Rd4+ Kc7 36. Rd7+ Kb6 37. Ne4 Ra4 38. Nd6 Rf4 39. Rxf7 Kc5
40. Kg3 Rf1 41. Ne4+ Kd5 42. Re7 c5 43. f7 b4 44. cxb4 cxb4 45. Nf2 1-0

[Event "France - Open A"]
[Site "Chartres"]
[Date "2019.08.18"]
[Round "2.31"]
[White "Azymah, Remy"]
[Black "Jaulin, Marc"]
[Result "1/2-1/2"]
[WhiteElo "1957"]
[BlackElo "2038"]
[PlyCount "67"]
[EventDate "2019.08.??"]
[EventType "swiss"]
[EventRounds "9"]
[EventCountry "FRA"]
[WhiteTeam "Evry Grand Roque"]
[BlackTeam "Echiquier de Franconville"]

1. e4 c5 2. Nf3 g6 3. d4 cxd4 4. Nxd4 Nc6 5. Nc3 Bg7 6. Be3 Nf6 7. Bc4 Qa5 8.
O-O O-O 9. Bb3 d6 10. h3 Bd7 11. Re1 Rfc8 12. Nd5 Nxd5 13. exd5 Ne5 14. Qe2 Qc7
15. Rad1 Bf6 16. c3 Nc4 17. Bh6 b5 18. Nf3 a5 19. Bg5 a4 20. Bxf6 exf6 21. Bxc4
bxc4 22. Qe7 Kg7 23. Nd4 Ra7 24. Ne6+ Bxe6 25. Qxc7 Raxc7 26. dxe6 fxe6 27.
Rxe6 Rb8 28. Rexd6 Rxb2 29. R1d2 Rcb7 30. Rxb2 Rxb2 31. Rd7+ Kg8 32. Rc7 Rxa2
33. Rxc4 Ra1+ 34. Kh2 1/2-1/2

[Event "France - Open A"]
[Site "Chartres"]
[Date "2019.08.18"]
[Round "2.32"]
[White "Emmenecker, Pierre-Antoine"]
[Black "De Lussac, Rainier"]
[Result "0-1"]
[WhiteElo "2021"]
[BlackElo "2164"]
[PlyCount "60"]
[EventDate "2019.08.??"]
[EventType "swiss"]
[EventRounds "9"]
[EventCountry "FRA"]
[WhiteTeam "Issy-Les-Moulineaux"]
[BlackTeam "Cercle d'Echecs de Nantes"]

1. e4 c6 2. Nc3 d5 3. Nf3 Nf6 4. e5 Ne4 5. Qe2 Nxc3 6. dxc3 Bg4 7. Bg5 Qb6 8.
O-O-O e6 9. h3 Bxf3 10. gxf3 Nd7 11. f4 Nc5 12. Rd4 Ne4 13. Bh4 Bc5 14. f3 Nxc3
15. bxc3 Bxd4 16. cxd4 Qxd4 17. Bg3 Qa1+ 18. Kd2 Qxa2 19. Qe3 Qa5+ 20. Ke2 O-O
21. Bh4 Qb5+ 22. Kd2 Qb4+ 23. Kc1 c5 24. Rg1 g6 25. Rg4 c4 26. f5 exf5 27. Bf6
Rfe8 28. Rh4 Re6 29. Qf2 Ra6 30. e6 Rxe6 0-1

[Event "France - Open A"]
[Site "Chartres"]
[Date "2019.08.18"]
[Round "2.33"]
[White "Girardon, Jerome"]
[Black "Anes, Emmanuel"]
[Result "1-0"]
[WhiteElo "2164"]
[BlackElo "2014"]
[PlyCount "47"]
[EventDate "2019.08.??"]
[EventType "swiss"]
[EventRounds "9"]
[EventCountry "FRA"]
[WhiteTeam "Gueugnon Echecs"]
[BlackTeam "L'Echiquier du Lac Enghien"]

1. e4 g6 2. d4 Bg7 3. Nc3 d6 4. Bg5 a6 5. Nf3 h6 6. Bh4 b5 7. Bd3 Bb7 8. e5 g5
9. Bg3 dxe5 10. dxe5 e6 11. Qe2 Nd7 12. O-O-O Qe7 13. Be4 c6 14. Rd6 Rc8 15.
Rhd1 Nb6 16. Nd4 Nd5 17. Nxe6 fxe6 18. Bg6+ Kf8 19. Qf3+ Ngf6 20. Nxd5 cxd5 21.
Rd7 Qxd7 22. exf6 d4 23. Bd6+ Qxd6 24. fxg7+ 1-0

[Event "France - Open A"]
[Site "Chartres"]
[Date "2019.08.18"]
[Round "2.34"]
[White "Chartier, Antoine"]
[Black "Afraoui, Anaelle"]
[Result "1-0"]
[WhiteElo "2013"]
[BlackElo "2163"]
[PlyCount "89"]
[EventDate "2019.08.??"]
[EventType "swiss"]
[EventRounds "9"]
[EventCountry "FRA"]
[WhiteTeam "Le Petit-Roque de Sèvres-Ville d'Avray"]
[BlackTeam "Clichy-Echecs-92"]

1. d4 Nf6 2. Bf4 g6 3. Nc3 d5 4. Qd2 h6 5. h4 Bg7 6. Nf3 a6 7. Ne5 Nbd7 8. f3
c5 9. e3 b5 10. Rd1 Bb7 11. Rh3 Rc8 12. g4 b4 13. Na4 Qa5 14. b3 Bc6 15. Nxc6
Rxc6 16. a3 O-O 17. dxc5 e5 18. axb4 Qd8 19. Bh2 d4 20. e4 Qc7 21. c3 dxc3 22.
Nxc3 Rd8 23. Qe3 Qb7 24. g5 Qxb4 25. gxf6 Bxf6 26. Kf2 Rxc5 27. Nd5 Rc2+ 28.
Kg1 Qd6 29. Bg3 Kg7 30. Rh2 Rxh2 31. Kxh2 Rc8 32. Bc4 a5 33. Ra1 Bd8 34. Ra2 f5
35. Qc3 f4 36. Nxf4 g5 37. hxg5 hxg5 38. Nd3 Qh6+ 39. Kg2 Bf6 40. Rxa5 Rh8 41.
Ra7 Qh1+ 42. Kf2 Rh2+ 43. Bxh2 Qxh2+ 44. Kf1 Qh1+ 45. Ke2 1-0

[Event "France - Open A"]
[Site "Chartres"]
[Date "2019.08.18"]
[Round "2.35"]
[White "Labrande, Theodore"]
[Black "Arnaud, Aurelien"]
[Result "1-0"]
[WhiteElo "1996"]
[BlackElo "2160"]
[PlyCount "67"]
[EventDate "2019.08.??"]
[EventType "swiss"]
[EventRounds "9"]
[EventCountry "FRA"]
[WhiteTeam "La Tour Saint Pierroise"]
[BlackTeam "L'Echiquier Châlonnais"]

1. e4 e5 2. Nf3 Nc6 3. Bc4 Nf6 4. d3 Be7 5. O-O O-O 6. Re1 d6 7. Nbd2 Na5 8.
Bb3 Nxb3 9. axb3 c5 10. Nf1 Ne8 11. Ng3 g6 12. Bh6 Ng7 13. Nd2 Bg5 14. Bxg5
Qxg5 15. Nc4 Qe7 16. Nb6 Bg4 17. Nd5 Qe6 18. Qxg4 f5 19. Qe2 Rf7 20. Nf1 Nh5
21. Nd2 a6 22. Nf3 h6 23. b4 cxb4 24. Qd2 Kh7 25. Qxb4 Raf8 26. Qc4 Rc8 27.
exf5 gxf5 28. Qh4 Kg6 29. Qxh5+ Kxh5 30. Nf4+ Kg4 31. Nxe6 Rxc2 32. Rab1 Kh5
33. Rec1 Rc6 34. Nd8 1-0

[Event "France - Open A"]
[Site "Chartres"]
[Date "2019.08.18"]
[Round "2.36"]
[White "De Lussac, Estephe"]
[Black "Sabatier, Mathis"]
[Result "0-1"]
[WhiteElo "1993"]
[BlackElo "2152"]
[PlyCount "60"]
[EventDate "2019.08.??"]
[EventType "swiss"]
[EventRounds "9"]
[EventCountry "FRA"]
[WhiteTeam "Lille Université Club Echiquier du Nord"]
[BlackTeam "Echecs Club de Corbas"]

1. e4 e5 2. Nf3 Nc6 3. d4 exd4 4. Nxd4 Qf6 5. Be3 Bc5 6. c3 Qg6 7. Nd2 Nf6 8.
Qc2 d5 9. Bd3 Ne5 10. O-O-O Nxd3+ 11. Qxd3 O-O 12. f3 Re8 13. Nb5 Bd6 14. Nxd6
cxd6 15. Bf4 dxe4 16. fxe4 d5 17. Rhe1 Bg4 18. Qb5 Bxd1 19. Rxd1 dxe4 20. Qxb7
Rad8 21. Qxa7 Ra8 22. Qc5 Rxa2 23. Be3 Ng4 24. g3 Nxe3 25. Qxe3 Qa6 26. Nb3 Qb5
27. Kc2 Rb8 28. c4 Qxc4+ 29. Qc3 Qxc3+ 30. Kxc3 Rc8+ 0-1

[Event "France - Open A"]
[Site "Chartres"]
[Date "2019.08.18"]
[Round "2.37"]
[White "Destic, Pablo"]
[Black "Spitz, Christophe"]
[Result "0-1"]
[WhiteElo "1989"]
[BlackElo "2147"]
[PlyCount "54"]
[EventDate "2019.08.??"]
[EventType "swiss"]
[EventRounds "9"]
[EventCountry "FRA"]
[WhiteTeam "l'Echiquier Toulousain"]
[BlackTeam "U.S. Orléans.Echecs"]

1. e4 c5 2. Nf3 Nc6 3. d4 cxd4 4. Nxd4 g6 5. Nc3 Bg7 6. Be3 Nf6 7. Be2 O-O 8.
Qd2 d5 9. exd5 Nb4 10. Bh6 Bxh6 11. Qxh6 e5 12. O-O-O exd4 13. Rxd4 Qd6 14. a3
Na6 15. Rh4 Re8 16. Bf3 Qf8 17. Qg5 Qg7 18. d6 Rb8 19. Rd1 Bf5 20. Rc4 b5 21.
Rc6 b4 22. Rxa6 bxc3 23. b3 Rxb3 24. cxb3 c2 25. Rd4 Re1+ 26. Bd1 h6 27. d7
Nxd7 0-1